ՀՀ Գիտությունների ազգային ակադեմիայի հիմնարար գիտական գրադարան  =   Fundamental Scientific Library of NAS RA

Արտոնյալ կատուն : (Record no. 155237)

MARC details
000 -LEADER
fixed length control field 00787nam a2200205 u 4500
001 - CONTROL NUMBER
control field 000408316
003 - CONTROL NUMBER IDENTIFIER
control field AM-YeHGA
005 - DATE AND TIME OF LATEST TRANSACTION
control field 20250618072413.0
008 - FIXED-LENGTH DATA ELEMENTS--GENERAL INFORMATION
fixed length control field 050207s1977 ai |||||||||||||||||arm d
040 ## - CATALOGING SOURCE
Original cataloging agency AM-YeHGA
041 0# - LANGUAGE CODE
Language code of text/sound track or separate title arm
090 ## - LOCALLY ASSIGNED LC-TYPE CALL NUMBER (OCLC); LOCAL CALL NUMBER (RLIN)
-- 156636
100 1# - MAIN ENTRY--PERSONAL NAME
Personal name Սաղաթելյան, Անդրանիկ Մկրտիչի
245 10 - TITLE STATEMENT
Title Արտոնյալ կատուն :
Remainder of title Առակներ /
Statement of responsibility, etc. Ա. Սաղաթելյան; Խմբ.՝ Մ. Քարամյան; Նկ.՝ Լ. Վարդանյան.
260 ## - PUBLICATION, DISTRIBUTION, ETC.
Place of publication, distribution, etc. Թբիլիսի :
Name of publisher, distributor, etc. Մերանի,
Date of publication, distribution, etc. 1977.
300 ## - PHYSICAL DESCRIPTION
Extent 80 էջ :
Other physical details նկ. ;
Dimensions 17 սմ.
650 14 - SUBJECT ADDED ENTRY--TOPICAL TERM
Topical term or geographic name entry element Հայ գրականություն
General subdivision Առակ
700 1# - ADDED ENTRY--PERSONAL NAME
Personal name Քարամյան, Մարտին Խաչատուրի,
Dates associated with a name 1912-1993
Relator term խմբ.
Relationship edt
9 (RLIN) 2839
700 1# - ADDED ENTRY--PERSONAL NAME
Personal name Վարդանյան, Լ.
Relator term նկ.
Relationship art
Holdings
Withdrawn status Lost status Damaged status Not for loan Collection Home library Current library Date acquired Cost, normal purchase price Total checkouts Full call number Barcode Date last seen Price effective from Koha item type Public note
        General Fundamental Scientific Library Fundamental Scientific Library 28/12/2016 14.00   AI/15225 FL0055730 28/12/2016 28/12/2016 Գրքեր / Books 30 Days Loan


ՀՀ ԳԱԱ հիմնարար գիտական գրադարան
ՀՀ,Երևան 0019
Մարշալ Բաղրամյան 24/6
հեռախոս:(374-10) 52-47-50
Հետադարձ կապ

All site content, except where otherwise noted, is licensed under a
Creative Commons License